Score 0/21 Timer 02:00
0 Plays Today
% Correct
The Exorcist
94.2%
Saving Private Ryan
92.6%
Finding Nemo
91.4%
Frozen
91.3%
2001: Space Odyssey
90.2%
WALL-E
90%
The Sound of Music
89.6%
The Shining
88.9%
Butch Cassidy and the Sundance Kid
88.7%
The Good the Bad and the Ugly
88.6%
Mamma Mia
88.1%
% Correct
Platoon
87.3%
Inglourious Basterds
86.6%
High Noon
85.8%
The Big Lebowski
85.4%
The Matrix
84.9%
Mean Girls
84.7%
Grease
84.4%
Blade Runner
83.8%
The Silence of the Lambs
83.6%
Shaun of the Dead
80.8%
Remove Ads.
Support Sporcle.
Get the best of Sporcle when you Go Orange. This ad-free experience offers more features, more stats, and more fun while also helping to support Sporcle. Thank you for becoming a member.

You're not logged in!

Compare scores with friends on all Sporcle quizzes.
OR
Log In

Sporcle TV

Today on Sporcle TV


Watch our educational content, quiz creation guides, and fun videos on Sporcle TV.

Show Comments

Extras

Top Quizzes Today


Score Distribution

Paid Content

Your Account Isn't Verified!

In order to create a playlist on Sporcle, you need to verify the email address you used during registration. Go to your Sporcle Settings to finish the process.

Report this User

Report this user for behavior that violates our Community Guidelines.

Details: